[Event "Rivera Hernandez Memorial-B"]
[Site "Rivera Huila"]
[Date "2023.07.22"]
[Round "5"]
[White "Angulo Ricardo, Milton"]
[Black "Munoz, Angel Damian"]
[Result "0-1"]
[WhiteElo "1542"]
[BlackElo "1063"]
[PlyCount "86"]
[EventDate "2023.07.20"]
[EventType "swiss"]
[EventRounds "7"]
[EventCountry "COL"]
[SourceTitle "CBM 215 Extra"]
[Source "ChessBase"]
[SourceDate "2023.09.30"]
[SourceVersion "1"]
[SourceVersionDate "2023.09.30"]
[SourceQuality "1"]

1. d4 c5 2. e3 e6 3. f4 d5 4. c3 Nc6 5. Bd3 Nf6 6. Nf3 Bd6 7. Nbd2 b6 8. 0-0 Bb7 9. Ne5 0-0 10. Qf3 Qc7 11. g4 h6 12. h4 Nh7 13. g5 Bxe5 14. fxe5 hxg5 15. Bxh7+ Kxh7 16. Qh5+ Kg8 17. hxg5 g6 18. Qh6 Ne7 19. Rf2 Nf5 20. Qh3 Kg7 21. Nf3 Rh8 22. Qg4 Rh5 23. Rh2 Rah8 24. Rxh5 Rxh5 25. Bd2 cxd4 26. exd4 Ba6 27. b3 Bd3 28. Kf2 Be4 29. Rg1 b5 30. a3 a5 31. Qg2 a4 32. Qf1 axb3 33. Qxb5 Qc4 34. Qxc4 dxc4 35. Bc1 Bxf3 36. Kxf3 Rh3+ 37. Ke2 Rxc3 38. Rd1 Ng3+ 39. Ke1 Kf8 40. Bb2 Rc2 41. Rd2 Rxd2 42. Kxd2 Ne4+ 43. Kc1 c3 0-1